Neuropsicología de la edad escolar (Record no. 11060)

MARC details
000 -LEADER
campo de control de longitud fija 00887nam a22002655i 4500
001 - NÚMERO DE CONTROL
campo de control 11060
003 - IDENTIFICADOR DE NÚMERO DE CONTROL
campo de control ES-MaACL
005 - FECHA Y HORA DE LA ÚLTIMA TRANSACCIÓN
campo de control 20230906150023.0
007 - CAMPO FIJO DE DESCRIPCIÓN FÍSICA--INFORMACIÓN GENERAL
campo de control de longitud fija t|
008 - DATOS DE LONGITUD FIJA--INFORMACIÓN GENERAL
campo de control de longitud fija 921230s1991 sp ||||0| spa j
020 ## - NÚMERO INTERNACIONAL ESTÁNDAR DEL LIBRO
Número Internacional Estándar del Libro 84-7774-082-8
040 ## - FUENTE DE CATALOGACIÓN
Centro catalogador/agencia de origen M-BN
Lengua de catalogación spa
Centro/agencia transcriptor M-BN
080 ## - NÚMERO DE LA CLASIFICACIÓN DECIMAL UNIVERSAL
Número de la Clasificación Decimal Universal 616.8-053.2
100 1# - ENTRADA PRINCIPAL--NOMBRE DE PERSONA
Nombre de persona Manga, Dionisio.
9 (RLIN) 75999
245 10 - MENCIÓN DEL TÍTULO
Título Neuropsicología de la edad escolar
Resto del título : aplicaciones de la teoría de A.R. Luria a niños a través de la batería LURIA-DNI /
Mención de responsabilidad, etc. Dionisio Manga y Francisco Ramos.
260 ## - PUBLICACIÓN, DISTRIBUCIÓN, ETC.
Lugar de publicación, distribución, etc. Madrid :
Nombre del editor, distribuidor, etc. Visor,
Fecha de publicación, distribución, etc. D.L. 1991.
300 ## - DESCRIPCIÓN FÍSICA
Extensión 215 p :
Otras características físicas il ;
Dimensiones 24 cm.
490 1# - MENCIÓN DE SERIE
Mención de serie Aprendizaje ;
Designación de volumen o secuencia 82
504 ## - NOTA DE BIBLIOGRAFÍA, ETC.
Nota de bibliografía, etc. Bibliografía: p. 189-198.
650 #4 - PUNTO DE ACCESO ADICIONAL DE MATERIA--TÉRMINO DE MATERIA
Término de materia o nombre geográfico como elemento de entrada Neuropsicología pediátrica.
9 (RLIN) 15533
700 1# - ENTRADA AGREGADA--NOMBRE PERSONAL
Nombre de persona Ramos Campos, Francisco.
9 (RLIN) 95291
830 0# - PUNTO DE ACCESO ADICIONAL DE SERIE-TÍTULO UNIFORME
Título uniforme Aprendizaje ;
Designación de volumen o secuencia 82
9 (RLIN) 178918
852 ## - LOCALIZACIÓN
Ubicación ES-MaACL
Número de control de estantería L-18435
Sublocalización o colección R.121845
Holdings
Estatus retirado Estado de pérdida Estado de daño No para préstamo Biblioteca de origen Biblioteca actual Ubicación en estantería Fecha de adquisición Fuente de adquisición Total de préstamos Signatura topográfica completa Código de barras Visto por última vez Precio de reemplazo Tipo de ítem Koha
        Biblioteca del Ateneo de Madrid Biblioteca del Ateneo de Madrid Depósito 2 17/01/2008     L-18435 1011279 23/02/2023 23/02/2023 Libro impreso